[Event "POL-chT2 U18"]
[Site "Sielpa"]
[Date "2004.??.??"]
[Round "4"]
[White "Stuczynski, Andrzej"]
[Black "Bartnicki, Pawel"]
[Result "1/2-1/2"]
[WhiteElo "2103"]
[BlackElo "1990"]
[PlyCount "115"]
[EventDate "2004.??.??"]
[EventType "team-tourn"]
[EventRounds "11"]
[EventCountry "POL"]
[SourceTitle "EXT 2007"]
[Source "ChessBase"]
[SourceDate "2006.11.23"]
[SourceVersion "1"]
[SourceVersionDate "2006.11.23"]
[SourceQuality "1"]

1. e4 c5 2. Nf3 d6 3. d4 cxd4 4. Nxd4 Nf6 5. Nc3 a6 6. Bg5 e5 7. Nb3 Be6 8. Qd2 Nbd7 9. 0-0-0 Be7 10. f4 exf4 11. Bxf4 Ne5 12. Nd4 Bd7 13. Nf5 Bxf5 14. exf5 0-0 15. Be2 Rc8 16. Bxe5 dxe5 17. Qxd8 Rfxd8 18. Bf3 b6 19. Rxd8+ Rxd8 20. Rd1 Rxd1+ 21. Kxd1 Bc5 22. Nd5 Nxd5 23. Bxd5 Kf8 24. Kd2 Ke7 25. Kd3 f6 26. Bb7 a5 27. Kc4 Kd6 28. a4 Bf2 29. Kb5 Kc7 30. Bc6 Be3 31. c3 Bf2 32. g4 h6 33. b4 axb4 34. cxb4 Bg1 35. h3 Bf2 36. a5 bxa5 37. bxa5 Bg1 38. Kc4 Kd6 39. a6 Bd4 40. Bb7 Bb6 41. Kd3 Kc5 42. Ke4 Kd6 43. Kf3 Ke7 44. Bd5 Kd6 45. Be4 Bd4 46. Kg3 Ke7 47. Kh4 Kf8 48. Kh5 Bb6 49. Kg6 Ba7 50. h4 Be3 51. Bd5 Ba7 52. h5 Bb6 53. g5 hxg5 54. h6 gxh6 55. Kxf6 g4 56. Kxe5 g3 57. Kf4 Bf2 58. f6 1/2-1/2

[Event "POL-chT2 U18"]
[Site "Sielpa"]
[Date "2004.??.??"]
[Round "8"]
[White "Trendota, Dawid"]
[Black "Bartnicki, Pawel"]
[Result "0-1"]
[WhiteElo "1800"]
[BlackElo "1990"]
[PlyCount "70"]
[EventDate "2004.??.??"]
[EventType "team-tourn"]
[EventRounds "11"]
[EventCountry "POL"]
[SourceTitle "EXT 2007"]
[Source "ChessBase"]
[SourceDate "2006.11.23"]
[SourceVersion "1"]
[SourceVersionDate "2006.11.23"]
[SourceQuality "1"]

1. e4 c5 2. Nf3 d6 3. d4 cxd4 4. Nxd4 Nf6 5. Nc3 a6 6. Be3 e5 7. Nb3 Be6 8. f3 Nbd7 9. g4 h6 10. Qd2 b5 11. 0-0-0 b4 12. Nd5 Bxd5 13. exd5 Nb6 14. Bxb6 Qxb6 15. Kb1 a5 16. h4 a4 17. Nc1 Ra5 18. Bc4 Be7 19. b3 e4 20. g5 e3 21. Qd3 Nh5 22. g6 Kd8 23. gxf7 Bf6 24. Rhg1 Nf4 25. Qf1 a3 26. Ne2 Nxe2 27. Qxe2 Ra7 28. f4 Rxf7 29. h5 Re8 30. Rg3 Re4 31. Rf3 Rfe7 32. Bd3 Qd4 33. c3 Qxc3 34. Bxe4 Qa1+ 35. Kc2 Qb2+ 0-1